00000000nam##2200000za#4500
0019.626510
003CaOODSP
00520210615104545
007ta
008150406|2004||||xxc|||||     f|0| 0 fre|d
040 |aCaOODSP|bfre
043 |an-cn---
0861 |aNH18-22/103-128F
1102 |aSociété canadienne d'hypothèques et de logement.
24510|aModèles d'analyse hygrométrique portant sur le rattrapage éconergétique de l'enveloppe des bâtiments
260 |bSociété canadienne d'hypothèques et de logement |c2003.
300 |a5p. : |btableau ; |c28 cm.
4901 |aLe point en recherche. Série technique |v03-128
5203 |aCes rapports techniques résument un large éventail d’études, de rapports et d’ouvrages divers relatifs au logement. Ils se penchent sur des questions aussi diversifiées que l’aménagement paysager à peu d’entretien dans le Nord; les possibilités d’action pour obtenir des environnements intérieurs sains; et divers aspects de la performance des installations, comme la performance de l’enveloppe de tours d’habitation, la performance de divers matériaux de construction, et l’évaluation de la performance d’installations de chauffage urbain.
563 |aDépliant
590 |a04-11|b2004-03-12
69107|aLogement|2gcpds
77508|tReview of hygrothermal models for building envelope retrofit analysis |w(CaOODSP)9.616776
7760#|tModèles d'analyse hygrométrique portant sur le rattrapage éconergétique de l'enveloppe des bâtiments |w(CaOODSP)9.607983
830#0|aLe point en recherche. Série technique ;|v03-128|w(CaOODSP)9.513179